000 00755nam a22002657a 4500
001 BR7303341
003 BR-BrBNA
005 20230928083947.0
007 ta
008 230509b bl.||||| |||| 00| 0 por d
040 _aBR-BrBNA
_bpor
_cBiblioteca Nacional de Agricultura
041 _a(Spa)
072 _aF50
_b2110
090 _ 2110 BR7303341
100 1 _aSoria Vasco, S. de J.
110 1 _aComissao Executiva do Plano de Recuperacao Economico-Rural da Lavoura Cacaueira, Ilheus, BA (Brasil)
_92138
245 1 _aLa anatomia del cacao
260 3 _aIlheus, BA (Brasil):
_c1970.
300 _a7 p.
650 _aCITOLOGIA VEGETAL
650 _aANATOMIA VEGETAL
650 _aCACAU
909 _a202309
_bLucia
_c55
_dLucia Elande
942 _cBK
999 _c16028
_d16028